01013cas a2200301 a 450000100090000000300050000900500170001400800410003101000310007202000180010303500240012104000570014504200080020204300120021005000230022208200220024513000470026724500180031424600250033224600220035725000180037926000810039730000660047836200130054465100340055771000380059177600820062913090796SISC20160901090244.0030212c19989999at uu 0 0eng c a 2003208674z 98172416  a9781742207834 a(OCoLC)ocm50706921  aCSdbengcCSddOCoLCdDLCdOCoLCdNNdOrUdMHdOCoLC apcc ae-uk-en00aDA 679b.P552 199804a914.21204bLONDON0 aLondon (Lonely Planet Publications (Firm))10aPhilippines /3 aLonely Planet London3 aLondon city guide a12th edition.3 aFootscray, Vic. ;aOakland, CA :bLonely Planet Publications Pty Ltd,c2015. a476 pages (some color) :bcolor maps, illustrations ;c19 cm.0 a1st ed.- 0aLondon (England)vGuidebooks.2 aLonely Planet Publications (Firm)08iOnline version:tLondon (Lonely Planet Publications (Firm))w(OCoLC)654590556